00385 2200157 4500245004000000020002200040250001000062100001800072650001900090005001900109260004200128041001400170084000800184300002600192336000900218 aMere MatkadevicTulus CiptadihText a978-979-709-714-1 aCet.1 aTulus Ciptadi aKumpulan Kisah a20241015100826 aJakartabKompas Media Nusantarac2013 aIndonesia a904 axvi, 232 hlm :c19 cm atext